1344 1754 1941 1888 1007 1746 1906 1444 1483 1953 1729 1770 1279 1354 1467 1383 1579 1324 1939 1326 1229 1754 1170 1530 1121 1303 1568 1041 1026 1251 1985 1306 1772 1083 1843 1658 1483 1207 1609 1306 1219 1581 1682 1635 1016 1202 1521 1565 1138 1003 1059 1053 1072 1195 1998 1412 1109 1005 1615 1501 1527 1633 1212 1340 1847 1332 1004 1448 1647 1758 1144 1862 1162 1045 1508 1409 1250 1081 1240 1813 1765 1994 1531 1845 1084 1823 1772 1482 1551 1711 1073 1093 1161 1786 1596 1488 1744 1128 1923 BCNSPRNW ULIB Ver.6.0+V

เปลี่ยนเป็นภาษาไทย

Change to English
 แสดงรายละเอียดบรรณานุกรม
  กลับหน้าหลัก

Brief Record : Get Marc (ISO 2709) : E-mail record : QR code < ปิดหน้าต่าง
LEADER : 00000nam 2200000uu 4500
001    13399127697
003     ULIB
008    210420s2563||||th 000 0 tha d
020    ^a9786168178096
060 04 ^aWS105^bก454
100 0  ^aมธุรดา สุวรรณโพธิ์ (บรรณาธิการ)
245 00 ^aการทบทวนเชิงกลยุทธ์ (Strategic review) เรื่อง การจัดการและรับมือกับปัญหาผลกระทบทางสุขภาพต่อเด็กและเยาวชนจากการใช้สื่อออนไลน์ /^cมธุรดา สุวรรณโพธิ์ (บรรณาธิการ)
246 30 ^aการจัดการและรับมือกับปัญหาผลกระทบทางสุขภาพต่อเด็กและเยาวชนจากการใช้สื่อออนไลน์
250    ^aพิมพ์ครั้งที่ 1
260    ^aกรุงเทพฯ:^bมูลนิธิสาธารณสุขแห่งชาติ (มสช.),^c2563
300    ^aก-ซ, 118 หน้า :^bแผนภาพ ;^c18 ซม.
536    ^aสนับสนุนโดย กองทุนพัฒนาสื่อปลอดภัยและสร้างสรรค์
650  4 ^aเด็ก^xสุขภาพและอนามัย^zไทย
650  4 ^aสื่อสังคมออนไลน์^xในวัยเด็ก
650  4 ^aการสื่อสาร^xสื่อสังคมออนไลน์
650  4 ^aอินเตอร์เน็ตกับเยาวชน
650  4 ^aอินเตอร์เน็ตกับเด็ก
700 0  ^aมธุรดา สุวรรณโพธิ์,^eบรรณาธิการ
710 2  ^aมูลนิธิสาธารณสุขแห่งชาติ
710 2  ^aกองทุนพัฒนาสื่อปลอดภัยและสร้างสรรค์
945    ^p0^l0^i008022
999    ^aประนอม เกษจรัล
รายการนี้ยังไม่มีแท็ก
คุณยังไม่ได้ล็อกอิน คุณสามารถมีกิจกรรมร่วมกับเว็บไซต์ได้ แต่ต้องล็อกอินก่อน ::
  ล็อกอิน

รายการสื่อสารสนเทศ

ลำดับที่ ประเภท เลขเรียก/บาร์โค้ด สถานที่ สถานะ
1. วิทยาศาสตร์การแพทย์ และสุขภาพ
วิทยาศาสตร์การแพทย์ และสุขภาพ
WS105 ก454 ฉ.1 
  Barcode: 008022
ห้องสมุดวิทยาเขตสวรรค์ประชารักษ์
►หนังสือทั่วไป
บนชั้น

BibComment


ยังไม่เคยถูกคอมเมนท์

คอมเมนท์ทรัพยากรรายการนี้
  คอมเมนท์: การทบทวนเชิงกลยุ..


 Copyright 2026. Bcnsprnw @Library